| 000 | 00795nam a22002057a 4500 | ||
|---|---|---|---|
| 003 | JO-AjAnu | ||
| 005 | 20251018120406.0 | ||
| 008 | 251018b jo ||||| |||| 00| 0 ara d | ||
| 040 |
_aJO-AjAnu _bara _cJO-AjAnu _dJO-AjAnu _erda |
||
| 041 |
_aara _hara |
||
| 050 |
_aDS154.9. _bA5.A2 2021 |
||
| 100 | 1 |
_aالعابدي، محمود _eمؤلف _966875 |
|
| 245 | 0 |
_aعمان في ماضيها وحاضرها / _c تاليف محمود العابدي |
|
| 260 |
_aعمان : _bوزارة الثقافة، _c2021 |
||
| 300 | _a188 صفحة | ||
| 490 | _aسلسلة مكتبة الاسرة-تراث ودراسات اردنية 811 | ||
| 504 | _aيحيوي على صور، يحتوي على فهرس وكشاف | ||
| 650 | 7 | 0 |
_aعمان-الاردن-آثار-تاريخ _966876 |
| 942 |
_2lcc _cBK _n0 |
||
| 999 |
_c34123 _d34123 |
||